Zlepšovanie podmienok biznisu sa zaseklo

Podnikanie a podmienky podnikania na Slovensku. Hodnotenie Svetovou bankou. Bariéry, ktoré musia prekonať začínajúci podnikatelia a podnikatelia na Slovensku. Porovnanie 175 krajín sveta z apríla 2006. Klady a zápory slovenského podnikania. Slovensko vo Svetovej banke "zabodovalo" novým zákonom o ko...

Descrizione completa

Salvato in:
Dettagli Bibliografici
Autore principale: Horníková, Zuzana
Natura: Capitolo di libro
Lingua:slovacco
Soggetti:
Tags: Aggiungi Tag
Nessun Tag, puoi essere il primo ad aggiungerne!!

MARC

LEADER 00000naa$a2200000$$$4500
001 0047654
005 20231009084034.1
041 0 |a slo 
044 |a SK 
245 1 0 |a Zlepšovanie podmienok biznisu sa zaseklo  |c Zuzana Horníková 
520 |a Podnikanie a podmienky podnikania na Slovensku. Hodnotenie Svetovou bankou. Bariéry, ktoré musia prekonať začínajúci podnikatelia a podnikatelia na Slovensku. Porovnanie 175 krajín sveta z apríla 2006. Klady a zápory slovenského podnikania. Slovensko vo Svetovej banke "zabodovalo" novým zákonom o konkurze. Čo je základom nového zákona. Porovnanie podnikania s krajinami V4 a svetovou elitou. 
610 2 0 |a podnikanie 
610 2 0 |a porovnanie medzinárodné 
610 2 0 |a Svetová banka 
610 2 0 |a Vyšehradská štvorka 
610 2 0 |a svet 
610 2 0 |a Slovensko 
610 2 0 |a zákony 
610 2 0 |a konkurzy 
610 2 0 |a bankrot 
610 2 0 |a 2006 
100 1 |a Horníková, Zuzana